| 000 | 01488nam a2200325 c 4500 | ||
|---|---|---|---|
| 003 | BLK | ||
| 005 | 20250201005445.0 | ||
| 008 | 180411b bul|||||r ||||||| ||bul|| | ||
| 010 | _aKNG00197174000 | ||
| 040 | _aBLK | ||
| 041 |
_aBUL _cBUL |
||
| 080 |
_aБългарска литература _b821.163.2 _x-94 _z821.163.2-94 |
||
| 080 |
_aБългарските земи през ХVІІ и първата половина на ХVІІІ век. Засилване на гнета върху българския народ и съпротивата му _b94(497.2)"1601/1760" _x _z94(497.2)"1601/1760" |
||
| 100 | 1 |
_aУзунов, Гаврил Николов _9339600 |
|
| 700 |
_aКонстантинов, Георги _gХристов, Георги Константинов _9364908 |
||
| 139 |
_aУзунов, Гаврил _bУ 33 |
||
| 245 | 1 | 0 |
_aПотомци _bХудож. летопис _cГаврил Узунов; предг. от Георги Константинов. |
| 250 | _a2. изд. | ||
| 257 | _aBGR | ||
| 260 |
_аСофия _bБЗНС _c1989 |
||
| 300 |
_a392 с. _c20 см |
||
| 380 | _aX | ||
| 500 | _a1. изд. 1969. - Борбите срещу турското робство в Родопите в средата на XVII в. | ||
| 852 | _aЦб 158705 | ||
| 856 | 4 |
_qpdf _u |
|
| 856 | 4 |
_qpdf _u |
|
| 942 |
_cKNG _n0 |
||
| 944 |
_aCR _c01.12.2016 _k _lCRON CRON |
||
| 944 |
_aED _c01.12.2016 _kГеновева_Генчева |
||
| 999 |
_c188156 _d188156 |
||